000 00432nam a2200145Ia 4500
008 230917s9999||||xx |||||||||||||| ||und||
040 _e176991
_aMAIN
041 _aEnglish
082 _a891.437731 MR687M
100 _aमिश्र, रामप्रसाद
245 0 _aमौरर्व्य शास्त्र
260 _aदिल्ली
_bदिनमान
_c1979
300 _a136 पृ. p.
942 _cHN
999 _c230556
_d230556